Macroeconomics (Record no. 9035)

000 -LEADER
fixed length control field 00533nam a22001937a 4500
008 - FIXED-LENGTH DATA ELEMENTS--GENERAL INFORMATION
fixed length control field 170607b xxu||||| |||| 00| 0 eng d
020 ## - INTERNATIONAL STANDARD BOOK NUMBER
International Standard Book Number 9788131759295(pbk.)
082 ## - DEWEY DECIMAL CLASSIFICATION NUMBER
Edition number 23
Classification number 330.184
Item number ABE
100 ## - MAIN ENTRY--PERSONAL NAME
Personal name Abel, Andrew B.
245 ## - TITLE STATEMENT
Title Macroeconomics
250 ## - EDITION STATEMENT
Edition statement 7th ed.
260 ## - PUBLICATION, DISTRIBUTION, ETC. (IMPRINT)
Place of publication, distribution, etc. New Delhi
Name of publisher, distributor, etc. Pearson Education
Date of publication, distribution, etc. 2011
300 ## - PHYSICAL DESCRIPTION
Extent xxvi,639p.;
Dimensions 25cm.
500 ## - GENERAL NOTE
General note Includes glossary, subject and name index.
650 ## - SUBJECT ADDED ENTRY--TOPICAL TERM
Source of heading or term Economics
Topical term or geographic name as entry element Economics
700 ## - ADDED ENTRY--PERSONAL NAME
Personal name Bernanke, Ben S.
700 ## - ADDED ENTRY--PERSONAL NAME
Personal name Croushore, Dean
942 ## - ADDED ENTRY ELEMENTS (KOHA)
Source of classification or shelving scheme
Koha item type Books
Holdings
Withdrawn status Lost status Source of classification or shelving scheme Materials specified (bound volume or other part) Damaged status Not for loan Collection code Permanent location Current location Shelving location Date acquired Coded location qualifier Total Checkouts Total Renewals Full call number Barcode Date last seen Date last checked out Price effective from Koha item type Uniform Resource Identifier
      PB     Economics Section Maulana Azad Central Library Maulana Azad Central Library General Stacks 2017-06-07 ECO 2 3 330.184 ABE 3495 2019-02-21 2019-01-31 2017-06-07 Books  
      PB     Economics Section Maulana Azad Central Library Maulana Azad Central Library General Stacks 2017-07-12 ECO 4 1 330.184 ABE 4731 2022-11-22 2022-06-06 2017-07-12 Books http://www.pearsoned.co.in
      PB     Economics Section Maulana Azad Central Library Maulana Azad Central Library General Stacks 2020-12-04 ECO     330.184 ABE 4730 2020-12-04   2020-12-04 Books  

Copyright @ USTM
Techno City, Kiling Road, Baridua, 9th Mile,
Ri-Bhoi, Meghalaya-793101

Powered by Koha